Southville International School and Colleges
Your cart is empty.
  • Cart
  • Lists
    Public lists Eva Luna New books Lux_list list_1
    Your lists Log in to create your own lists
  • Log in to your account
  • Your cookies
  • Search history
Southville International School and Colleges
  • Advanced search
  • Recent comments
  • Most popular
  • Libraries

Log in to your account

Log in with GOOGLE


If you do not have an external account, but do have a local account, you can still log in:

  1. Home
  2. MARC view: Oxford
Normal view MARC view ISBD view

Oxford (Record no. 274541)

[ view plain ]
MARC details
000 -LEADER
fixed length control field 00718cam a22002653a 4500
001 - CONTROL NUMBER
control field 45290
003 - CONTROL NUMBER IDENTIFIER
control field PGUSA
005 - DATE AND TIME OF LATEST TRANSACTION
control field 20140828084038.0
008 - FIXED-LENGTH DATA ELEMENTS--GENERAL INFORMATION
fixed length control field 140401s2014||||xxu|||||s|||||000 | eng d
040 ## - CATALOGING SOURCE
Original cataloging agency PGUSA
Language of cataloging eng
042 ## - AUTHENTICATION CODE
Authentication code dc
100 1# - MAIN ENTRY--PERSONAL NAME
Personal name Peel, Robert
245 10 - TITLE STATEMENT
Title Oxford
Medium [electronic resource] /
Statement of responsibility, etc Robert Peel
260 ## - PUBLICATION, DISTRIBUTION, ETC. (IMPRINT)
Name of publisher, distributor, etc Project Gutenberg,
Date of publication, distribution, etc 2014
506 ## - RESTRICTIONS ON ACCESS NOTE
Terms governing access Public domain in the USA.
516 ## - TYPE OF COMPUTER FILE OR DATA NOTE
Type of computer file or data note Electronic text
700 1# - ADDED ENTRY--PERSONAL NAME
Personal name Tyrwhitt, Walter S. S.
700 1# - ADDED ENTRY--PERSONAL NAME
Personal name Walton, C. R.
Titles and other words associated with a name Mrs
700 1# - ADDED ENTRY--PERSONAL NAME
Personal name Matthison, Mr. W.
700 1# - ADDED ENTRY--PERSONAL NAME
Personal name Bayzant, Mr.
700 1# - ADDED ENTRY--PERSONAL NAME
Personal name Cheesewright, Miss E. S.
830 #0 - SERIES ADDED ENTRY--UNIFORM TITLE
Uniform title Project Gutenberg
Volume number/sequential designation 45290
856 40 - ELECTRONIC LOCATION AND ACCESS
Uniform Resource Identifier <a href="http://www.gutenberg.org/ebooks/45290">http://www.gutenberg.org/ebooks/45290</a>
942 ## - ADDED ENTRY ELEMENTS (KOHA)
Koha item type eBooks
Holdings
Withdrawn status Lost status Damaged status Home library Current library Date acquired Total Checkouts Date last seen Price effective from Koha item type
      Project Gutenberg Project Gutenberg 08/28/2014   08/28/2014 08/28/2014 eBooks

Oxford

APA

Peel R., Tyrwhitt W. S. S., Walton C. R., Matthison M. W., Bayzant M. & Cheesewright M. E. S. (2014). Oxford. : Project Gutenberg.

Chicago

Peel Robert, Tyrwhitt Walter S S, Walton C R, Matthison Mr W, Bayzant Mr and Cheesewright Miss E S. 2014. Oxford. : Project Gutenberg.

Harvard

Peel R., Tyrwhitt W. S. S., Walton C. R., Matthison M. W., Bayzant M. and Cheesewright M. E. S. (2014). Oxford. : Project Gutenberg.

MLA

Peel Robert, Tyrwhitt Walter S S, Walton C R, Matthison Mr W, Bayzant Mr and Cheesewright Miss E S. Oxford. : Project Gutenberg. 2014.

  • Place hold
  • Print
  • Cite
  • Add to your cart (remove)
  • Save record
    BIBTEX Dublin Core MARCXML MARC (non-Unicode/MARC-8) MARC (Unicode/UTF-8) MARC (Unicode/UTF-8, Standard) MODS (XML) RIS
  • More searches
    Search for this title in:
    Other Libraries (WorldCat) Other Databases (Google Scholar) Online Stores (Bookfinder.com) Open Library (openlibrary.org)

Exporting to Dublin Core...

SOUTHVILLE LIBRARY

Southville International School and Colleges Library

1281 Tropical Ave. Cor. Luxembourg St., BF Homes International, Las Pinas City

Tel. No. 8256374 / 252358 Loc. 117/146

Powered by Koha